<?xml version="1.0" encoding="UTF-8"?>
<record
    xmlns:xsi="http://www.w3.org/2001/XMLSchema-instance"
    xsi:schemaLocation="http://www.loc.gov/MARC21/slim http://www.loc.gov/standards/marcxml/schema/MARC21slim.xsd"
    xmlns="http://www.loc.gov/MARC21/slim">

  <leader>00409nam a22001457a 4500</leader>
  <datafield tag="999" ind1=" " ind2=" ">
    <subfield code="c">94956</subfield>
    <subfield code="d">94956</subfield>
  </datafield>
  <controlfield tag="005">20180731095349.0</controlfield>
  <controlfield tag="008">170712b        xxu||||| |||| 00| 0 eng d</controlfield>
  <datafield tag="020" ind1=" " ind2=" ">
    <subfield code="a">086037002X</subfield>
  </datafield>
  <datafield tag="040" ind1=" " ind2=" ">
    <subfield code="c">PK-LaUMT</subfield>
  </datafield>
  <datafield tag="082" ind1=" " ind2=" ">
    <subfield code="a">297</subfield>
    <subfield code="b">ISL-</subfield>
  </datafield>
  <datafield tag="245" ind1=" " ind2=" ">
    <subfield code="a">Islam its meaning and message /</subfield>
    <subfield code="c">edited by Khurshid Ahmad</subfield>
  </datafield>
  <datafield tag="260" ind1=" " ind2=" ">
    <subfield code="a">London:</subfield>
    <subfield code="b">Islamic council ;</subfield>
    <subfield code="b">Islamic council of Europe, </subfield>
    <subfield code="c">1976</subfield>
  </datafield>
  <datafield tag="300" ind1=" " ind2=" ">
    <subfield code="a">279 p.</subfield>
  </datafield>
  <datafield tag="942" ind1=" " ind2=" ">
    <subfield code="c">BK</subfield>
  </datafield>
  <datafield tag="952" ind1=" " ind2=" ">
    <subfield code="0">0</subfield>
    <subfield code="1">0</subfield>
    <subfield code="4">0</subfield>
    <subfield code="7">0</subfield>
    <subfield code="a">01</subfield>
    <subfield code="b">01</subfield>
    <subfield code="d">2017-07-12</subfield>
    <subfield code="l">0</subfield>
    <subfield code="o">ZIAC 297 ISL-</subfield>
    <subfield code="p">110672</subfield>
    <subfield code="r">2017-07-12 00:00:00</subfield>
    <subfield code="w">2017-07-12</subfield>
    <subfield code="y">BK</subfield>
  </datafield>
  <datafield tag="952" ind1=" " ind2=" ">
    <subfield code="0">0</subfield>
    <subfield code="1">0</subfield>
    <subfield code="4">0</subfield>
    <subfield code="7">0</subfield>
    <subfield code="a">01</subfield>
    <subfield code="b">01</subfield>
    <subfield code="d">2017-07-21</subfield>
    <subfield code="l">0</subfield>
    <subfield code="o">ZIAC 297 ISL-</subfield>
    <subfield code="p">111167</subfield>
    <subfield code="r">2017-07-21 00:00:00</subfield>
    <subfield code="t">C. 2</subfield>
    <subfield code="w">2017-07-21</subfield>
    <subfield code="y">BK</subfield>
  </datafield>
  <datafield tag="952" ind1=" " ind2=" ">
    <subfield code="0">0</subfield>
    <subfield code="1">0</subfield>
    <subfield code="4">0</subfield>
    <subfield code="7">0</subfield>
    <subfield code="a">01</subfield>
    <subfield code="b">01</subfield>
    <subfield code="d">2017-10-19</subfield>
    <subfield code="l">0</subfield>
    <subfield code="o">PKAC 297 ISL-</subfield>
    <subfield code="p">115162</subfield>
    <subfield code="r">2017-10-19 00:00:00</subfield>
    <subfield code="t">C. 3</subfield>
    <subfield code="w">2017-10-19</subfield>
    <subfield code="y">BK</subfield>
  </datafield>
  <datafield tag="952" ind1=" " ind2=" ">
    <subfield code="0">0</subfield>
    <subfield code="1">0</subfield>
    <subfield code="4">0</subfield>
    <subfield code="7">0</subfield>
    <subfield code="a">01</subfield>
    <subfield code="b">01</subfield>
    <subfield code="d">2017-11-30</subfield>
    <subfield code="l">0</subfield>
    <subfield code="o">PKAC 297 ISL-</subfield>
    <subfield code="p">116236</subfield>
    <subfield code="r">2017-11-30 00:00:00</subfield>
    <subfield code="t">C. 4</subfield>
    <subfield code="w">2017-11-30</subfield>
    <subfield code="y">BK</subfield>
  </datafield>
  <datafield tag="952" ind1=" " ind2=" ">
    <subfield code="0">0</subfield>
    <subfield code="1">0</subfield>
    <subfield code="4">0</subfield>
    <subfield code="7">0</subfield>
    <subfield code="a">01</subfield>
    <subfield code="b">01</subfield>
    <subfield code="d">2017-12-05</subfield>
    <subfield code="l">0</subfield>
    <subfield code="o">PKAC 297 ISL-</subfield>
    <subfield code="p">116398</subfield>
    <subfield code="r">2017-12-05 00:00:00</subfield>
    <subfield code="t">C. 5</subfield>
    <subfield code="w">2017-12-05</subfield>
    <subfield code="y">BK</subfield>
  </datafield>
  <datafield tag="952" ind1=" " ind2=" ">
    <subfield code="0">0</subfield>
    <subfield code="1">0</subfield>
    <subfield code="4">0</subfield>
    <subfield code="7">0</subfield>
    <subfield code="a">01</subfield>
    <subfield code="b">01</subfield>
    <subfield code="d">2017-12-19</subfield>
    <subfield code="l">0</subfield>
    <subfield code="o">PKAC 297 ISL-</subfield>
    <subfield code="p">116671</subfield>
    <subfield code="r">2017-12-19 00:00:00</subfield>
    <subfield code="t">C.6</subfield>
    <subfield code="w">2017-12-19</subfield>
    <subfield code="y">BK</subfield>
  </datafield>
</record>
